01073 a2200193 45000010006000000050017000060080041000230030015000640400040000790800052001192450036001710200018002072640053002253000019002785050452002970410008007491000027007578560095007845715920260407155834.0260407a1997 arg spa dAR-UNSa-BCEJYS aAR-UNSa-BCEJYSbspacAR-UNSa-BCEJYS a342xDerecho constitucional (Derecho Público)10aDerecho parlamentario argentino a987-507-016-5 1aBuenos Aires :bEdiciones Ciudad Argentinac1997 a349 p.c24 cm. a1. Nociones básicas – 2. Antecedentes y roles del parlamento – 3. Organización y composición del congreso – 4. Prerrogativas – 5. Los congresistas – 6. Años legislativos y sesiones – 7. La ley – 8. Otras decisiones de las cámaras – 9. Juicio político – 10. Relaciones con el poder ejecutivo – 11. Relaciones con otros órganos y la sociedad – 12. El congreso reunido en asamblea – 13. Atribuciones del congreso aspa1 aGentile, Jorge Horacio41uhttps://biblioeco.unsa.edu.ar/pmb/images/libros/L128729.jpgyImagen de portadaqimage/jpeg